000 01320nam0a2200313 4500
001 RU\NLR\bibl\1295898
005 20250615145641.0
035 _a(NLR Aleph) 001281525
090 _a502083
_c502083
100 _a20081119d2008 |||y0rusy50 ca
101 0 _arus
102 _aRU
105 _ac |||||||||
200 1 _aЖенский вопрос в России в 1917 году: региональный опыт
_fСулейманова Р.Н.
_gРос. акад. наук, Уфим. науч. центр, Ин-т истории, языка и литературы
210 _aУфа
_cБелая Река
_d2008
215 _a214, [1] с.
_cпортр.
_d20
316 _aС автогр. авт.
_5NLR
316 _aавтограф
_5NLR:2008-3/34034
320 _aБиблиогр.: с. 210-214 и в подстроч. примеч.
606 1 _aЖенщины
_xПравовое положение
_yРоссия
_92524746
_3RU\NLR\auth\661495820
686 _aХ2(2)5-512
700 1 _4070
_aСулейманова
_bР. Н.
_cд-р ист. наук
_f1960-
_gРима Нугамановна
_9136123
_3RU\NLR\AUTH\770136158
801 0 _aRU
_bNLR
_c20081119
_gRCR
801 1 _aRU
_bNLR
_c20081119
830 _aавт. по кн.
942 _cBOOK
980 _aNB